01003cam a22003133a 4500001000500000005001700005020002200022020001800044020002600062040003000088050001400118082001100132100001900143245004100162250003000203260003400233300002300267490002400290500002600314505000700340520014300347521001700490521001700507650004500524650003700569650002300606655003000629655003000659247220231211142837.0 a0439651379 (pbk.) a9780439651370 a1415603960 (BWI bdg.) aBKXcBKXdBAKERdDLCbeng00aPZ7.K8369 a813.541 aKorman, Gordon14aThe fugitive factor /cGordon Korman aFirst printing, June 2005 aNew York :bScholastic,c2005 a148 pages :c20 cm0 aOn the run vBook 2 a"An Apple paperback." aP  aFugitives from justice themselves, Aiden and Meg Falconer search for evidence that will free their parents from a life sentence in prison.1 a760 bLexile1 aP bRaz-Plus 0aFugitives from justicevJuvenile fiction 0aFugitives from justicevFiction. 0aAdventure stories. 7aAdventure fiction.2gsafd 7aChildren's stories.2lcsh